000 00933nas a2200265 4500
001 BR9210574
003 BR-BrBNA
005 20231205093409.0
007 ta
008 230509b bl.|||p| |||| 00| 00por d
040 _aBR-BrBNA
_bpor
_cBiblioteca Nacional de Agricultura
041 _a(Pt)
072 _aF01
100 1 _aRibeiro, S.A.
100 1 _aMarcos, Z.Z.
245 1 _aEfeitos de tres alturas de corte sobre a producao de massa verde do capim elefante (Pennisetum purpureum, Schumach)
246 1 _aEffects of three cutting heights on the yield of Pennisetum purpureum, Schumach
650 _aCAPIM ELEFANTE
650 _aCORTE
650 _aSILAGEM
650 _aPASTAGEM
773 0 _tRevista da Faculdade de Medicina Veterinaria e Zootecnia da Universidade de Sao Paulo (Brazil)
_xISSN 0303-7525
_g(1989), v. 26(2) p. 275-281
_wBR9210574
909 _a202311
_bLúcia
_c55
_dLúcia Elande
942 _2AGRIS
_n0
_cANA
999 _c138055
_d138055